| 000 | 01228cam a2200349 a 4500 | ||
|---|---|---|---|
| 001 | 3451930 | ||
| 003 | LC | ||
| 005 | 20160316094743.0 | ||
| 008 | 921116s1993 nyu 000 1 eng | ||
| 010 | _a 92043876 | ||
| 020 | _a9780553091861 | ||
| 040 |
_aDLC _cDLC _dDLC _dOCoLC |
||
| 050 | 0 | 0 |
_aPS 3576 .A33 _b.Z19 1993 |
| 082 |
_aFIC _bZ1sw 1993 |
||
| 100 | 1 |
_aZahn, Timothy. _920146 |
|
| 245 | 1 | 4 |
_aStar wars : _cTimothy Zahn _bthe last command |
| 260 |
_aNew York : _bBantam Books, _c1993. |
||
| 300 |
_a407 p. ; _c24 cm. |
||
| 490 | 0 | _a[A Bantam spectra book] | |
| 490 | 1 |
_aStar wars ; _vv. 3 |
|
| 500 | _a1st series statement from jacket. | ||
| 650 | 0 |
_aLeia, Princess (Fictitious character) _xFiction. _920562 |
|
| 650 | 0 |
_aSolo, Han (Fictitious character) _xFiction. _920563 |
|
| 650 | 0 |
_aSkywalker, Luke (Fictitious character) _xFiction. _920564 |
|
| 655 | 7 |
_aStar Wars fiction. _2lcsh _93849 |
|
| 655 | 7 |
_aScience fiction. _2gsafd _91889 |
|
| 800 | 1 |
_aZahn, Timothy. _tStar wars ; _vv. 3. _920565 |
|
| 906 |
_a7 _bcbu _corignew _d1 _eocip _f19 _gy-gencatlg |
||
| 942 |
_2lcc _cBK |
||
| 999 |
_c11543 _d11543 |
||